Województwa Polski według miast - bez stolic - Statystyki

Ogólne statystyki
  • Ten quiz został rozwiązany 62 razy
  • Średni wynik to 12 z 16
Odpowiedzi na mapie
Odpowiedzi zakodowano w zielono-czerwonej skali na mapie do tego quizu, zgodnie z poniższymi procentami.
 
Statystyki odpowiedzi
Województwo Odpowiedź % Poprawnych
pomorskie Gdynia | Słupsk | Tczew | Wejherowo | Starogard Gdański
93%
śląskie Częstochowa | Sosnowiec | Gliwice | Bielsko-Biała | Zabrze
88%
mazowieckie Radom | Płock | Siedlce | Pruszków | Legionowo
88%
zachodniopomorskie Koszalin | Stargard | Kołobrzeg | Świnoujście | Szczecinek
86%
dolnośląskie Wałbrzych | Legnica | Jelenia Góra | Lubin | Głogów
82%
warmińsko-mazurskie Elbląg | Ełk | Iława | Ostróda | Giżycko
81%
wielkopolskie Kalisz | Piła | Ostrów Wielkopolski | Konin | Gniezno
81%
małopolskie Tarnów | Nowy Sącz | Oświęcim | Olkusz | Nowy Targ
79%
podlaskie Suwałki | Łomża | Augustów | Bielsk Podlaski | Grajewo
77%
łódzkie Piotrków Trybunalski | Pabianice | Tomaszów Mazowiecki | Bełchatów | Radomsko
74%
kujawsko-pomorskie Włocławek | Grudziądz | Inowrocław | Brodnica | Świecie
72%
lubelskie Zamość | Chełm | Biała Podlaska | Puławy | Łuków
72%
świętokrzyskie Ostrowiec Świętokrzyski | Starachowice | Skarżysko-Kamienna | Sandomierz | Końskie
70%
podkarpackie Przemyśl | Mielec | Stalowa Wola | Krosno | Tarnobrzeg
68%
opolskie Kędzierzyn-Koźle | Nysa | Brzeg | Kluczbork | Prudnik
60%
lubuskie Nowa Sól | Żary | Świebodzin | Żagań | Gubin
53%
Nie znaleziono quizów pasujących do podanych kryteriów
Rozkład punktacji
Procent ludzi z każdym wynikiem
Percentyl według liczby udzielonych odpowiedzi
Twoja historia wyników
Nie rozwiązałeś tego quizu